00769nam a2200205 i 4500001000700000003000700007005001700014008004100031080003400072100004000106245009000146260004100236300003900277490002700316594002600343830003500369852001700404999001900421952012300440186512SpMaBN20230906222702.0161121s2004 sp f |||| | spa d a74 Pérez Agirregoikoa, Juan1 aPérez Agirregoikoa, Juan.916133611a¿Puede un heavy ser calvo? b: lo pregunto moralmente / cJuan Pérez Agirregoikoa. a[Alcobendas (Madrid) : bTF, c2004] a[136] p. de lám. col. ; c23 cm.1 aArte sobre papel ; v7 aTít. tomado de cub.0 aArte sobre papel ; v791925691 aBA jL-30856 c186512d186512 00104070aATENEOMbATENEOMcDEPO2d2016-11-21eDONl0oL-30856p1196678r2023-02-23 00:00:00w2023-02-23yMONOGRAFIA